000 00731cam a2200229 a 4500
020 _a0521242762
020 _a0521285763 (pbk.)
040 _cDLC
082 0 0 _a823 CAM 1992 A120 Or.
100 1 _aLawrence, D. H.
245 1 0 _aSons and lovers /
260 _aCambridge [England] ;
_aNew York :
_bCambridge University Press,
_c1992.
300 _alxxxi, 675 p. ;
_c23 cm.
490 1 _aThe Cambridge edition of the letters and works of D.H. Lawrence
650 0 _aWorking class families
650 0 _aYoung men
700 1 _aBaron, Helen.
700 1 _aBaron, Carl.
856 4 2 _uhttp://www.loc.gov/catdir/description/cam024/91012669.html
856 4 1 _uhttp://www.loc.gov/catdir/toc/cam028/91012669.html
942 _cEK
999 _c16522
_d16522